| 000 | 00494cam a22001812a 4500 | ||
|---|---|---|---|
| 001 | 001261 | ||
| 003 | AR-FADEU | ||
| 008 | 311216n1968####xxu####################dd | ||
| 092 |
_a301 _bB487 |
||
| 100 | _aBerelson, Bernard B., coord. | ||
| 245 | _aEl hombre, su comportamiento | ||
| 260 | _aMéxico | ||
| 260 | _bPax-México | ||
| 260 | _c1968 | ||
| 300 | _a312 p | ||
| 650 | _aPERSONALIDAD-COMPORTAMIENTO; PENSAMIENTO-LENGUAJE; SOCIEDAD NORTEAMERICANA; DEMOGRAFIA SOCIAL | ||
| 942 | _cBDGR | ||
| 999 |
_c7100 _d7100 |
||